00465nam a2200157Ia 4500100001400000650001200014942000700026366000700033654001200040245002400052260002600076082001800102546001200120999001700132952015800149 aPalani/S  aSignals cBK f20 asignals aSignals and systems bAne Books Indiac2009 a621.2822bPAL aENGLISH c23018d23018 001040708CRCaCRCEbCRCEd2023-03-17eAne Books Indiag360.00i5 dt 29/04/2009l1o621.2822 PALp19696r2024-08-24s2024-07-29v450.00w0000-00-00yBK